000 01572nam a2200337 a 4500
001 BRCA_2479
005 20190320203829.0
008 211108s1840----sp-a---###---#000-0dspa-u
041 _aspa
044 _asp
084 _a119
_b.B47
_c1840
100 1 _aCervantes Saavedra, Miguel de
_d1547-1616
_9213
245 1 0 _aEl Ingenioso Hidalgo Don Quijote de la Mancha
_ccompuesto por Miguel de Cervantes Saavedra.
250 _a2
260 _aBarcelona
_bAntonio Bergnes
_c1840
300 _a2 v.
_bil.
_c27 cm.
500 _aContenido : v 1. Primera parte. Retrato de Cervantes. Noticias sobre la vida y obra de Cervantes, traducción de la que escribió Viardot. Dedicatoria del autor. Prólogo del autor. Versos preliminares. Texto. -- v 2. Segunda parte. Dedicatoria del autor. Prólogo del autor. Texto
500 _aEdición : Adornada con 800 láminas repartidas por el contexto
500 _aReimpresión de la edición LO-118, con las láminas de Tony Johannot. Piel; lomeras decoradas con adornos dorados Lúdovik Osterc
500 _aCon ex-libris de : Presenta un blasón
500 _aQM101
650 1 4 _aNovela española
_yÉpoca clásica, 1500-1700
_9215
650 1 4 _aLiteratura española
_yÉpoca clásica, 1500-1700
_9216
650 1 4 _aNovela española
_ySiglo XVII
_9217
650 1 4 _aDon Quijote (Personaje ficticio)
_eNovela
_9218
700 1 _aViardot, Louis
_d1800-1883
_eBiógrafo
_97174
700 1 _aJohannot, Tony
_d1803-1852
_eIlustrador
_97175
740 0 _aEl Ingenioso Hidalgo Don Quijote de la Mancha
902 _aQFM
942 _2lcc
_cB
999 _c2220
_d2220